000 00713nam a22002057a 4500
003 OSt
005 20150408113911.0
008 110824t xxu||||| |||| 00| 0 eng d
020 _a9789957123116
040 _cDLC
082 _a004.21
_bز ف ن
_221
100 _aزيارة، فريد فهمي.
_93115
245 _aالمقدمة في تحليل وتصميم النظم /
_cفريد فهمي زيارة.
250 _aط. 1.
260 _aعمان، الأردن :
_bدار اليازوري العلمية،
_c2010
300 _a258 ص. :
_bإيض. ؛
_c24سم.
504 _aقائمة ببليوجرافية.
650 _aتحليل النظم (حاسبات إلكترونية)
_93116
942 _2ddc
_cDVD
999 _c13532
_d248032